Calidad y auditoria en salud

Bibliographic Details
Main Author: ℓlvarez Heredia, Francisco
Other Authors: ℓlvarez Heredia, Aurelia
Format: eBook
Language:Spanish
Published: Bogot:̀ ECOE, 2007
Subjects:
Online Access:Acceso restringido

MARC

LEADER 00000nam a22000007a 4500
005 2022020708058.0
007 cr|||| ||||
008 220207s2007 co |||||s|||| 00||0 spa d
020 |a 978-958-648-494-7 
035 |a 35787 
040 |a vLex 
090 |c 12929  |d 12929 
100 1 |a ℓlvarez Heredia, Francisco 
245 1 0 |a  Calidad y auditoria en salud  |h [Recurso electrn̤ico] /  |c Francisco ℓlvarez Heredia, Aurelia ℓlvarez Heredia 
256 |a Servicio en ln̕ea 
260 |a Bogot:̀  |b ECOE,  |c 2007 
300 |a 1 recurso electrn̤ico 
500 |a Contiene los conceptos bs̀icos acerca de garanta̕ de calidad, auditora̕, mejoramiento continuo, y dems̀ temas relacionados con su evaluacin̤. La auditoria de la atencin̤ de un paciente que requiere mejorar su estado de salud, se ha centrado en los aspectos administrativos, lo cual ha desviado el objetivo fundamental acerca de la razn̤ por la cual un paciente acude a solicitar servicios. 
506 1 |a Disponible solo en los productos indicados  |d vLex Global  |d vLex Global (Academic Edition, excluding Law Schools)  |d vLex Global (U.S. Academic Edition, Law Schools)  |d vLex Global (U.S. Academic Edition, excluding Law Schools)  |d vLex Global (Academic Edition, Law Schools) 
650 0 4 |a Inspeccin̤ tributaria  |z Colombia 
650 0 4 |a Derecho Comunitario  |z Colombia 
700 1 |a ℓlvarez Heredia, Aurelia 
740 0 |a vLex Libros (Servicio en ln̕ea) 
856 4 0 |u https://app.vlex.com/#/sources/35787  |z Acceso restringido 
942 |c BOOK 
999 0 |a Tax inspection 
999 0 |a Community Law